00510nmm a2200169Ia 4500008004100000020001800041041000800059100002600067245004000093264007600133300001800209490001400227650002300241856005200264942000700316999001700323251105s9999||||xx |||||||||||||||||und|| a9788471486646 abaq aSeptien Ortiz, Manuel 0aLas dos vidas de Martín de Munibe a[Madrid, España] :bElkar, c[Fecha de publicación no identificada] a408 páginas aNarrativa aHistorical fiction uhttps://public.digitaliapublishing.com/a/100454 cCF c84845d84845